Human resource management
Contents: The human resource management funtion; Planning and selecting personnel; Developing emloyee potential; Compensation, benefits, health and safety...
Сохранить в:
| Главный автор: | |
|---|---|
| Формат: | |
| Язык: | Undetermined |
| Опубликовано: |
Boston
PWS-Kent Pub. Co.
1990
|
| Предметы: | |
| Метки: |
Добавить метку
Нет меток, Требуется 1-ая метка записи!
|
| Thư viện lưu trữ: | Trung tâm Học liệu Trường Đại học Cần Thơ |
|---|
| LEADER | 00671nam a2200193Ia 4500 | ||
|---|---|---|---|
| 001 | CTU_185906 | ||
| 008 | 210402s9999 xx 000 0 und d | ||
| 082 | |a 658.3 | ||
| 082 | |b S617 | ||
| 100 | |a Singer, Marc G. | ||
| 245 | 0 | |a Human resource management | |
| 245 | 0 | |c Marc G. Singer | |
| 260 | |a Boston | ||
| 260 | |b PWS-Kent Pub. Co. | ||
| 260 | |c 1990 | ||
| 520 | |a Contents: The human resource management funtion; Planning and selecting personnel; Developing emloyee potential; Compensation, benefits, health and safety... | ||
| 650 | |a Personnel management,Quản trị nhân sự | ||
| 904 | |i Giang | ||
| 980 | |a Trung tâm Học liệu Trường Đại học Cần Thơ | ||